<?xml version="1.0" encoding="UTF-8"?><?xml-stylesheet type="text/xsl" href="static/style.xsl"?><OAI-PMH xmlns="http://www.openarchives.org/OAI/2.0/" xmlns:xsi="http://www.w3.org/2001/XMLSchema-instance" xsi:schemaLocation="http://www.openarchives.org/OAI/2.0/ http://www.openarchives.org/OAI/2.0/OAI-PMH.xsd"><responseDate>2026-04-27T20:19:11Z</responseDate><request verb="GetRecord" identifier="oai:uvadoc.uva.es:10324/80085" metadataPrefix="marc">https://uvadoc.uva.es/oai/request</request><GetRecord><record><header><identifier>oai:uvadoc.uva.es:10324/80085</identifier><datestamp>2025-12-19T20:08:51Z</datestamp><setSpec>com_10324_1191</setSpec><setSpec>com_10324_931</setSpec><setSpec>com_10324_894</setSpec><setSpec>col_10324_1379</setSpec></header><metadata><record xmlns="http://www.loc.gov/MARC21/slim" xmlns:doc="http://www.lyncode.com/xoai" xmlns:xsi="http://www.w3.org/2001/XMLSchema-instance" xmlns:dcterms="http://purl.org/dc/terms/" xsi:schemaLocation="http://www.loc.gov/MARC21/slim http://www.loc.gov/standards/marcxml/schema/MARC21slim.xsd">
<leader>00925njm 22002777a 4500</leader>
<datafield tag="042" ind1=" " ind2=" ">
<subfield code="a">dc</subfield>
</datafield>
<datafield tag="720" ind1=" " ind2=" ">
<subfield code="a">García Zarza, Pablo</subfield>
<subfield code="e">author</subfield>
</datafield>
<datafield tag="720" ind1=" " ind2=" ">
<subfield code="a">Vega Gorgojo, Guillermo</subfield>
<subfield code="e">author</subfield>
</datafield>
<datafield tag="720" ind1=" " ind2=" ">
<subfield code="a">Bote Lorenzo, Miguel Luis</subfield>
<subfield code="e">author</subfield>
</datafield>
<datafield tag="720" ind1=" " ind2=" ">
<subfield code="a">Gallego Lema, Vanesa</subfield>
<subfield code="e">author</subfield>
</datafield>
<datafield tag="720" ind1=" " ind2=" ">
<subfield code="a">Asensio Pérez, Juan Ignacio</subfield>
<subfield code="e">author</subfield>
</datafield>
<datafield tag="720" ind1=" " ind2=" ">
<subfield code="a">Gómez Sánchez, Eduardo</subfield>
<subfield code="e">author</subfield>
</datafield>
<datafield tag="260" ind1=" " ind2=" ">
<subfield code="c">2025</subfield>
</datafield>
<datafield tag="520" ind1=" " ind2=" ">
<subfield code="a">Ubiquitous learning (u-learning) leverages educational technologies to help students learn anywhere and anytime across multiple physical and virtual spaces. However, u-learning applications face a challenging tradeoff: Should they provide a predefined set of u-learning resources, thus saving time for teachers, but limiting their applicability to a wider range of u-learning situations? Or should they allow teachers to create their own u-learning resources, improving flexibility, but requiring a nonnegligible effort from teachers that typically ends up in learning resources that cannot be reused by other teachers or by other u-learning applications? Cultural Heritage Educational Semantic Tool (CHEST), the application presented in this article, addresses this tradeoff proposing the use (and reuse) of Linked Open Data (LOD) to support teachers in designing u-learning situations in the cultural heritage domain. CHEST hides the complexity of LOD to teachers, thus reducing the effort in creating u-learning situations, while, at the same time, taking advantage of its reusable nature. CHEST allows teachers to create and reuse three types of learning resources in the form of LOD: spatial things, learning tasks, and itineraries (which group the other two types of resources). This article elicits the requirements considered for the development of CHEST, describes its architecture, and presents the results of an evaluation study carried out with a CHEST prototype in the context of a university course involving two teachers and 14 students. The evaluation examines how CHEST supports teachers in the creation and reuse of u-learning resources based on LOD, paying attention to the balance between flexibility and required effort, while it also showcases how CHEST supports the enactment of u-learning situations in an authentic educational context. The study provides valuable insights into the applicability and effectiveness of CHEST within a specific educational context.</subfield>
</datafield>
<datafield tag="024" ind2=" " ind1="8">
<subfield code="a">IEEE Transactions on Learning Technologies, Noviembre 2025, vol. 18, p. 1021-1035</subfield>
</datafield>
<datafield tag="024" ind2=" " ind1="8">
<subfield code="a">https://uvadoc.uva.es/handle/10324/80085</subfield>
</datafield>
<datafield tag="024" ind2=" " ind1="8">
<subfield code="a">10.1109/TLT.2025.3629584</subfield>
</datafield>
<datafield tag="024" ind2=" " ind1="8">
<subfield code="a">1021</subfield>
</datafield>
<datafield tag="024" ind2=" " ind1="8">
<subfield code="a">1035</subfield>
</datafield>
<datafield tag="024" ind2=" " ind1="8">
<subfield code="a">IEEE Transactions on Learning Technologies</subfield>
</datafield>
<datafield tag="024" ind2=" " ind1="8">
<subfield code="a">18</subfield>
</datafield>
<datafield tag="024" ind2=" " ind1="8">
<subfield code="a">1939-1382</subfield>
</datafield>
<datafield tag="024" ind2=" " ind1="8">
<subfield code="a">2372-0050</subfield>
</datafield>
<datafield tag="245" ind1="0" ind2="0">
<subfield code="a">CHEST: An Application to Support Teachers in the Use of Linked Open Data for Ubiquitous Learning</subfield>
</datafield>
</record></metadata></record></GetRecord></OAI-PMH>